[Event "German Masters"]
[Site "Rosenheim"]
[Date "2023.12.18"]
[Round "8"]
[White "Donchenko, Alexander"]
[Black "Roseneck, Jonas"]
[Result "1/2-1/2"]
[WhiteElo "2634"]
[BlackElo "2390"]
[PlyCount "91"]
[EventDate "2023.12.11"]
[EventType "tourn"]
[EventRounds "9"]
[EventCountry "GER"]
[EventCategory "13"]
[SourceTitle "CB51_2023"]
[SourceDate "2023.12.20"]
[SourceVersion "1"]
[SourceVersionDate "2023.12.20"]
[SourceQuality "1"]

1. Nf3 d5 2. g3 g6 3. Bg2 Bg7 4. d4 Nf6 5. 0-0 0-0 6. c4 c6 7. Qa4 dxc4 8. Qxc4 Bf5 9. Nc3 Nbd7 10. Re1 Ne4 11. Qb3 Qb6 12. Nh4 Nxc3 13. bxc3 Be6 14. Qc2 Qa5 15. Nf3 Bc4 16. e4 e5 17. Be3 Ba6 18. Bh3 exd4 19. cxd4 Nb6 20. Rac1 Rad8 21. Bd2 Qa3 22. Re3 Qe7 23. Ree1 Qa3 24. Bg2 Bd3 25. Qd1 Qa4 26. Bg5 f6 27. Bf4 Qxd1 28. Rcxd1 Bc4 29. Nd2 Be6 30. Nb3 Rf7 31. d5 cxd5 32. exd5 Bg4 33. Rd4 Bf8 34. d6 Bc8 35. g4 Bxg4 36. a4 g5 37. Bg3 f5 38. Be5 Bh5 39. Nc5 Nd7 40. Ne6 Re8 41. Nxg5 Nxe5 42. f4 Nf3+ 43. Nxf3 Rxe1+ 44. Nxe1 Rd7 45. Bxb7 Rxd6 46. Rxd6 1/2-1/2

[Event "AUT-chT 2223"]
[Site "Austria"]
[Date "2023.03.23"]
[Round "5.3"]
[White "Roseneck, Jonas"]
[Black "Berchtenbreiter, Maximilian"]
[Result "1-0"]
[WhiteElo "2402"]
[BlackElo "2493"]
[PlyCount "45"]
[EventDate "2022.11.03"]
[EventType "team-tourn"]
[EventRounds "11"]
[EventCountry "AUT"]
[SourceTitle "CBM 213 Extra"]
[Source "ChessBase"]
[SourceDate "2023.05.31"]
[SourceVersion "1"]
[SourceVersionDate "2023.05.31"]
[SourceQuality "1"]
[WhiteTeam "Maria Saal"]
[BlackTeam "Schach ohne Grenzen"]
[WhiteTeamCountry "AUT"]
[BlackTeamCountry "AUT"]

1. d4 g6 2. e4 Bg7 3. Nc3 d6 4. Be3 a6 5. Nf3 Bg4 6. Bc4 e6 7. h3 Bxf3 8. Qxf3 Nc6 9. 0-0-0 b5 10. Bb3 Na5 11. g4 Ne7 12. h4 h5 13. gxh5 Rxh5 14. Bg5 Bh6 15. Kb1 Nxb3 16. cxb3 Kd7 17. Bf6 Qf8 18. d5 Ng8 19. e5 Nxf6 20. exf6 Re8 21. dxe6+ Rxe6 22. Nd5 Qh8 23. Nb6+ 1-0

[Event "BL2-West 2223"]
[Site "Germany"]
[Date "2023.02.26"]
[Round "8.2"]
[White "Roseneck, Jonas"]
[Black "Baklan, Vladimir"]
[Result "1/2-1/2"]
[WhiteElo "2414"]
[BlackElo "2573"]
[PlyCount "64"]
[EventDate "2022.10.22"]
[EventType "team-tourn"]
[EventRounds "10"]
[EventCountry "GER"]
[SourceTitle "EXT 2024"]
[Source "ChessBase"]
[SourceDate "2023.10.10"]
[SourceVersion "1"]
[SourceVersionDate "2023.10.10"]
[SourceQuality "1"]
[WhiteTeam "Solingen II"]
[BlackTeam "Siegburg"]
[WhiteTeamCountry "GER"]
[BlackTeamCountry "GER"]

1. c4 Nf6 2. Nc3 g6 3. e4 d6 4. d4 Bg7 5. Be2 0-0 6. Bg5 a6 7. Nf3 Bg4 8. Qd2 Nfd7 9. Ng1 Bxe2 10. Ngxe2 c5 11. d5 Ne5 12. b3 b5 13. 0-0 bxc4 14. f4 Ned7 15. bxc4 Nb6 16. Qd3 N8d7 17. Rae1 Qc7 18. Bxe7 Ne5 19. fxe5 Qxe7 20. e6 fxe6 21. Nf4 Bd4+ 22. Kh1 Bxc3 23. Qxc3 e5 24. Ne6 Rxf1+ 25. Rxf1 Nd7 26. Qg3 Rb8 27. h4 Nf6 28. Ng5 h6 29. Nf3 Qg7 30. Nh2 Nh7 31. Qg4 Re8 32. Qf3 Rf8 1/2-1/2

[Event "BL2-West 2223"]
[Site "Germany"]
[Date "2023.02.04"]
[Round "5.2"]
[White "Roseneck, Jonas"]
[Black "Orlov, Andrey"]
[Result "1/2-1/2"]
[WhiteElo "2414"]
[BlackElo "2510"]
[PlyCount "34"]
[EventDate "2022.10.22"]
[EventType "team-tourn"]
[EventRounds "10"]
[EventCountry "GER"]
[SourceTitle "EXT 2024"]
[Source "ChessBase"]
[SourceDate "2023.10.10"]
[SourceVersion "1"]
[SourceVersionDate "2023.10.10"]
[SourceQuality "1"]
[WhiteTeam "Solingen II"]
[BlackTeam "Duesseldorf"]
[WhiteTeamCountry "GER"]
[BlackTeamCountry "GER"]

1. c4 e5 2. Nc3 Nc6 3. Nf3 Nge7 4. d4 exd4 5. Nxd4 Nxd4 6. Qxd4 Nc6 7. Qe3+ Be7 8. g3 0-0 9. Bg2 Re8 10. 0-0 Bb4 11. Qd2 d6 12. a3 Bxc3 13. Qxc3 Rxe2 14. b4 Qf6 15. Qxf6 gxf6 16. Be3 a5 17. c5 dxc5 1/2-1/2

[Event "BL2-West 2223"]
[Site "Germany"]
[Date "2022.11.27"]
[Round "4.2"]
[White "Koch, Thomas"]
[Black "Roseneck, Jonas"]
[Result "0-1"]
[WhiteElo "2446"]
[BlackElo "2414"]
[PlyCount "54"]
[EventDate "2022.10.22"]
[EventType "team-tourn"]
[EventRounds "10"]
[EventCountry "GER"]
[SourceTitle "EXT 2024"]
[Source "ChessBase"]
[SourceDate "2023.10.10"]
[SourceVersion "1"]
[SourceVersionDate "2023.10.10"]
[SourceQuality "1"]
[WhiteTeam "Aachen SV"]
[BlackTeam "Solingen II"]
[WhiteTeamCountry "GER"]
[BlackTeamCountry "GER"]

1. d4 Nf6 2. c4 e6 3. Nf3 d5 4. g3 dxc4 5. Qa4+ Nbd7 6. Qxc4 a6 7. Bg2 b5 8. Qc6 Rb8 9. Qc2 Bb7 10. Bg5 c5 11. 0-0 Rc8 12. Nbd2 cxd4 13. Qd3 Bc5 14. Nb3 0-0 15. Rac1 Bb6 16. Rxc8 Qxc8 17. Nbxd4 Qa8 18. Nb3 Rd8 19. Qc2 h6 20. Bxf6 Nxf6 21. Rd1 Rc8 22. Qd3 Be4 23. Ne1 Rd8 24. Bxe4 Nxe4 25. Qc2 Rxd1 26. Qxd1 Nxf2 27. Qd6 Nh3+ 0-1

[Event "AUT-chT 2223"]
[Site "Austria"]
[Date "2022.11.06"]
[Round "4.3"]
[White "Blohberger, Felix"]
[Black "Roseneck, Jonas"]
[Result "1-0"]
[WhiteElo "2488"]
[BlackElo "2402"]
[PlyCount "67"]
[EventDate "2022.11.03"]
[EventType "team-tourn"]
[EventRounds "11"]
[EventCountry "AUT"]
[SourceTitle "EXT 2024"]
[Source "ChessBase"]
[SourceDate "2023.10.10"]
[SourceVersion "1"]
[SourceVersionDate "2023.10.10"]
[SourceQuality "1"]
[WhiteTeam "Ottakring"]
[BlackTeam "Maria Saal"]
[WhiteTeamCountry "AUT"]
[BlackTeamCountry "AUT"]

1. d4 Nf6 2. c4 e6 3. Nc3 Bb4 4. e3 0-0 5. Bd3 d5 6. cxd5 exd5 7. a3 Bxc3+ 8. bxc3 c5 9. Ne2 b6 10. 0-0 Ba6 11. f3 Bxd3 12. Qxd3 Re8 13. Ng3 Nc6 14. Bb2 h5 15. Rae1 g6 16. e4 h4 17. Nh1 Nh5 18. e5 cxd4 19. cxd4 Qg5 20. f4 Qf5 21. Qf3 Qd7 22. f5 Qxf5 23. Qxf5 gxf5 24. Rxf5 Ng7 25. Rf4 Rac8 26. Nf2 Ne7 27. Ng4 Nh5 28. Rf2 Rf8 29. Ref1 Rc6 30. Bc1 Kg7 31. Bg5 Re6 32. Bxh4 Ng8 33. Rf5 Nh6 34. Nxh6 1-0

[Event "AUT-chT 2223"]
[Site "Austria"]
[Date "2022.11.05"]
[Round "3.3"]
[White "Roseneck, Jonas"]
[Black "Atlas, Valeri"]
[Result "1-0"]
[WhiteElo "2402"]
[BlackElo "2413"]
[PlyCount "81"]
[EventDate "2022.11.03"]
[EventType "team-tourn"]
[EventRounds "11"]
[EventCountry "AUT"]
[SourceTitle "EXT 2024"]
[Source "ChessBase"]
[SourceDate "2023.10.10"]
[SourceVersion "1"]
[SourceVersionDate "2023.10.10"]
[SourceQuality "1"]
[WhiteTeam "Maria Saal"]
[BlackTeam "Hohenems"]
[WhiteTeamCountry "AUT"]
[BlackTeamCountry "AUT"]

1. e4 c5 2. Nf3 e6 3. d4 cxd4 4. Nxd4 Nc6 5. Nc3 a6 6. Be3 Qc7 7. g4 b5 8. Nxc6 Qxc6 9. Qd2 b4 10. Ne2 Bb7 11. 0-0-0 Nf6 12. f3 d5 13. g5 Nd7 14. Kb1 Qc7 15. exd5 Bxd5 16. Nf4 Bb7 17. Bh3 Ne5 18. Qf2 Be7 19. Bb6 Qc4 20. Bd4 Ng6 21. Nxg6 hxg6 22. Bg2 0-0 23. h4 Rad8 24. b3 Qb5 25. f4 Bxg2 26. Qxg2 Bc5 27. Bb2 Bb6 28. Qe4 a5 29. a4 bxa3 30. Bxa3 Rxd1+ 31. Rxd1 Re8 32. Bb2 Rf8 33. Rd6 Bf2 34. h5 gxh5 35. g6 Qf5 36. gxf7+ Rxf7 37. Qa8+ Kh7 38. Rd8 h4 39. Rh8+ Kg6 40. Qg2+ Bg3 41. Rxh4 1-0

[Event "EU-Cup 37th"]
[Site "Mayrhofen"]
[Date "2022.10.06"]
[Round "4.2"]
[White "Roseneck, Jonas"]
[Black "Huschenbeth, Niclas"]
[Result "0-1"]
[WhiteElo "2414"]
[BlackElo "2593"]
[PlyCount "116"]
[EventDate "2022.10.03"]
[EventType "team-swiss"]
[EventRounds "7"]
[EventCountry "AUT"]
[SourceTitle "CBM 210 Extra"]
[Source "ChessBase"]
[SourceDate "2022.11.30"]
[SourceVersion "1"]
[SourceVersionDate "2022.11.30"]
[SourceQuality "1"]
[WhiteTeam "Solingen SG"]
[BlackTeam "Bayern Muenchen"]
[WhiteTeamCountry "GER"]
[BlackTeamCountry "GER"]

1. d4 d5 2. c4 dxc4 3. Nf3 Nf6 4. e3 e6 5. Bxc4 c5 6. 0-0 Nc6 7. dxc5 Qxd1 8. Rxd1 Bxc5 9. b3 a6 10. Bb2 b5 11. Be2 Bb7 12. Nbd2 Be7 13. a4 bxa4 14. bxa4 0-0 15. Rab1 Nb4 16. Bxf6 gxf6 17. Nd4 Rfc8 18. Bf3 Bxf3 19. N2xf3 Rc7 20. Rdc1 Rac8 21. Rxc7 Rxc7 22. g4 h5 23. h3 hxg4 24. hxg4 Kg7 25. Kf1 Nd5 26. Nd2 Bb4 27. Ne4 a5 28. Kg2 Nb6 29. Ra1 Rc4 30. Kf3 Be7 31. Nb3 Nd7 32. Ned2 Rc2 33. Rc1 Rb2 34. Ke2 Bb4 35. Rb1 Ra2 36. Ra1 Rxa1 37. Nxa1 Nb6 38. Ndb3 Nxa4 39. Nc2 Nb2 40. Nxb4 axb4 41. Na5 Na4 42. Kd3 Nc3 43. f3 Kg6 44. e4 Kg5 45. Nc6 Kf4 46. Nxb4 Nb5 47. Kc4 Na7 48. Kc5 Kxf3 49. Kb6 Kxe4 50. Kxa7 f5 51. gxf5 exf5 52. Na2 f4 53. Nc3+ Kd3 54. Nd1 Ke2 55. Nc3+ Ke1 56. Kb6 f3 57. Ne4 f2 58. Ng3 f5 0-1

[Event "Graz op-A"]
[Site "Graz"]
[Date "2022.09.09"]
[Round "7"]
[White "Roshka, Yevgeniy"]
[Black "Roseneck, Jonas"]
[Result "1/2-1/2"]
[WhiteElo "2497"]
[BlackElo "2402"]
[PlyCount "118"]
[EventDate "2022.09.03"]
[EventType "swiss"]
[EventRounds "9"]
[EventCountry "AUT"]
[SourceTitle "EXT 2023"]
[Source "ChessBase"]
[SourceDate "2022.10.05"]
[SourceVersion "1"]
[SourceVersionDate "2022.10.05"]
[SourceQuality "1"]

1. d4 Nf6 2. c4 e6 3. Nc3 Bb4 4. e3 0-0 5. Bd2 d5 6. Nf3 b6 7. cxd5 exd5 8. Rc1 Bb7 9. Bd3 Be7 10. 0-0 c5 11. Ne5 Nc6 12. Be1 Bd6 13. f4 cxd4 14. Nxc6 Bxc6 15. Ne2 Bd7 16. Nxd4 Re8 17. Bh4 Rxe3 18. Nf5 Bxf5 19. Bxf5 Bc5 20. Bf2 Re8 21. Bxc5 bxc5 22. Rxc5 Qb6 23. Qd4 Re2 24. Rf2 Re1+ 25. Rf1 Rxf1+ 26. Kxf1 Qa6+ 27. Qd3 Qxa2 28. Qa3 Qxa3 29. bxa3 Re8 30. Rc7 g6 31. Bb1 Rb8 32. Bc2 d4 33. Rc5 Re8 34. Rc6 Kg7 35. Rd6 Re3 36. Rxd4 Rxa3 37. Ke2 Rc3 38. Kd2 Rc5 39. Bb3 a5 40. Kd3 Rb5 41. Kc3 Kf8 42. Rd8+ Ke7 43. Ra8 Ne4+ 44. Kc2 Nc5 45. Ba2 Nd7 46. Ra7 f6 47. Bc4 Rc5 48. Kd3 Kd6 49. Ra6+ Kc7 50. Ra7+ Kc6 51. Bf7 Kd6 52. Ra6+ Ke7 53. Bc4 g5 54. Kd4 gxf4 55. Ra7 Re5 56. Bd5 Kd6 57. Ra6+ Ke7 58. Ra7 Kd6 59. Ra6+ Ke7 1/2-1/2

[Event "Graz op-A"]
[Site "Graz"]
[Date "2022.09.07"]
[Round "5"]
[White "Roseneck, Jonas"]
[Black "Koelber, Daniel"]
[Result "1-0"]
[WhiteElo "2402"]
[BlackElo "2189"]
[PlyCount "43"]
[EventDate "2022.09.03"]
[EventType "swiss"]
[EventRounds "9"]
[EventCountry "AUT"]
[SourceTitle "EXT 2023"]
[Source "ChessBase"]
[SourceDate "2022.10.05"]
[SourceVersion "1"]
[SourceVersionDate "2022.10.05"]
[SourceQuality "1"]

1. e4 c5 2. Nf3 d6 3. d4 cxd4 4. Nxd4 Nf6 5. Nc3 a6 6. Bg5 Nbd7 7. Bc4 e6 8. Qe2 Qa5 9. f4 Be7 10. 0-0-0 0-0 11. Kb1 Qc7 12. Bxe6 fxe6 13. Nxe6 Qa5 14. Nxf8 Nxf8 15. f5 N8d7 16. g4 b5 17. Bf4 Ne5 18. Bxe5 dxe5 19. g5 Ne8 20. Qh5 Nd6 21. g6 h6 22. f6 1-0

[Event "GER-ch 93rd"]
[Site "Magdeburg"]
[Date "2022.08.18"]
[Round "6"]
[White "Schulz, Lukas"]
[Black "Roseneck, Jonas"]
[Result "0-1"]
[WhiteElo "2271"]
[BlackElo "2384"]
[PlyCount "64"]
[EventDate "2022.08.14"]
[EventType "swiss"]
[EventRounds "9"]
[EventCountry "GER"]
[SourceTitle "CBM 209 Extra"]
[Source "ChessBase"]
[SourceDate "2022.09.30"]
[SourceVersion "1"]
[SourceVersionDate "2022.09.30"]
[SourceQuality "1"]

1. e4 e5 2. f4 exf4 3. Nf3 Nf6 4. e5 Nh5 5. Qe2 Be7 6. d4 0-0 7. Nc3 d6 8. Bd2 Bg4 9. 0-0-0 Nd7 10. Ne4 g6 11. Nf2 Be6 12. Nd3 dxe5 13. dxe5 c6 14. g3 fxg3 15. Qg2 Nb6 16. hxg3 Qd5 17. b3 Bg4 18. Be2 a5 19. Bc3 a4 20. Nf2 Qc5 21. Bb2 axb3 22. axb3 Qe3+ 23. Kb1 Qxe2 24. Nd4 Qa6 25. Nxg4 Qa2+ 26. Kc1 Ba3 27. Bxa3 Qa1+ 28. Kd2 Qxd4+ 29. Ke1 Qxg4 30. Bxf8 Rxf8 31. Rh4 Qg5 32. Re4 Nxg3 0-1

[Event "GER-ch 93rd"]
[Site "Magdeburg"]
[Date "2022.08.15"]
[Round "2"]
[White "Boder, Jan"]
[Black "Roseneck, Jonas"]
[Result "0-1"]
[WhiteElo "2315"]
[BlackElo "2384"]
[PlyCount "152"]
[EventDate "2022.08.14"]
[EventType "swiss"]
[EventRounds "9"]
[EventCountry "GER"]
[SourceTitle "CBM 209 Extra"]
[Source "ChessBase"]
[SourceDate "2022.09.30"]
[SourceVersion "1"]
[SourceVersionDate "2022.09.30"]
[SourceQuality "1"]

1. b3 e5 2. Bb2 Nc6 3. e3 Nf6 4. Nf3 e4 5. Nd4 Bc5 6. d3 Bxd4 7. exd4 d5 8. Nd2 exd3 9. Bxd3 Bg4 10. f3 Be6 11. a3 0-0 12. 0-0 Ne7 13. Re1 Bf5 14. Nf1 Bxd3 15. Qxd3 Ng6 16. Bc1 Nh5 17. Qf5 Qh4 18. Be3 Nf6 19. c4 h6 20. Rac1 dxc4 21. bxc4 Rfe8 22. Qc5 c6 23. Rb1 Nd7 24. Qf5 Nb6 25. g3 Qe7 26. Qd3 Qd7 27. Nd2 Rad8 28. Qb3 Qf5 29. Bf2 Rxe1+ 30. Rxe1 Qd7 31. Ne4 Re8 32. Rb1 Re7 33. Nc5 Qf5 34. Ne4 Nf8 35. Nd6 Qg6 36. c5 Nd5 37. Re1 Rxe1+ 38. Bxe1 Ne6 39. Bf2 b5 40. cxb6 axb6 41. Nc4 Qf6 42. Ne5 Nd8 43. Qd3 Qd6 44. Be1 f6 45. Nc4 Qe6 46. Bd2 b5 47. Na5 Nf7 48. Qe4 Qd7 49. Nb3 Nd6 50. Qe2 Nc4 51. Nc5 Qe7 52. Qd3 Ncb6 53. Kf2 Na4 54. Nxa4 bxa4 55. Qa6 Qxa3 56. Qxc6 Qa2 57. Ke1 Qa1+ 58. Ke2 Qxd4 59. Qe8+ Kh7 60. Qe4+ Qxe4+ 61. fxe4 Ne7 62. Kd3 Nc6 63. Kc4 Ne5+ 64. Kb4 Nf3 65. Bc3 Nxh2 66. e5 fxe5 67. Bxe5 g5 68. Kxa4 Kg6 69. Bd6 Nf1 70. Kb3 Kf5 71. Kc2 Kg4 72. Kd1 Nxg3 73. Ke1 Kf3 74. Be7 g4 75. Bd8 h5 76. Be7 Kg2 0-1

[Event "BL2-West 2122"]
[Site "Germany"]
[Date "2022.05.01"]
[Round "4.2"]
[White "Roseneck, Jonas"]
[Black "Swinkels, Robin"]
[Result "1/2-1/2"]
[WhiteElo "2376"]
[BlackElo "2504"]
[PlyCount "42"]
[EventDate "2022.03.05"]
[EventType "team-tourn"]
[EventRounds "10"]
[EventCountry "GER"]
[SourceTitle "EXT 2023"]
[Source "ChessBase"]
[SourceDate "2022.10.05"]
[SourceVersion "1"]
[SourceVersionDate "2022.10.05"]
[SourceQuality "1"]
[WhiteTeam "Solingen II"]
[BlackTeam "Remagen Sinzig"]
[WhiteTeamCountry "GER"]
[BlackTeamCountry "GER"]

1. Nf3 d5 2. d4 Nf6 3. c4 e6 4. Nc3 c6 5. Bg5 h6 6. Bh4 dxc4 7. e4 g5 8. Bg3 b5 9. Be2 Bb7 10. 0-0 Nbd7 11. Ne5 Be7 12. f4 gxf4 13. Bxf4 Rh7 14. Kh1 Nxe5 15. Bxe5 Nd7 16. Bg3 h5 17. Bxh5 Nf6 18. Bxf7+ Kxf7 19. e5 c5 20. Qc2 Qh8 21. Ne4 Rg8 1/2-1/2

[Event "Bundesliga 2122"]
[Site "Germany"]
[Date "2022.04.10"]
[Round "4.7"]
[White "Roseneck, Jonas"]
[Black "Rafiee, Makan"]
[Result "0-1"]
[WhiteElo "2376"]
[BlackElo "2338"]
[PlyCount "50"]
[EventDate "2022.03.05"]
[EventType "team-tourn"]
[EventRounds "15"]
[EventCountry "GER"]
[SourceTitle "EXT 2023"]
[Source "ChessBase"]
[SourceDate "2022.10.05"]
[SourceVersion "1"]
[SourceVersionDate "2022.10.05"]
[SourceQuality "1"]
[WhiteTeam "Solingen"]
[BlackTeam "Bayern Muenchen"]
[WhiteTeamCountry "GER"]
[BlackTeamCountry "GER"]

1. c4 c6 2. Nc3 d5 3. d4 Nf6 4. Nf3 a6 5. g3 Bf5 6. Bg2 b5 7. b3 h6 8. 0-0 e6 9. Bb2 Nbd7 10. a3 Ne4 11. Nd2 Nxd2 12. Qxd2 Nf6 13. f3 Be7 14. e4 Bh7 15. e5 Nd7 16. Nd1 dxc4 17. f4 cxb3 18. Bxc6 Rc8 19. d5 Bc5+ 20. Bd4 Rxc6 21. dxc6 Nb6 22. Bxc5 Qxd2 23. Ne3 Nd5 24. Rad1 Qc3 25. Rc1 Bc2 0-1

[Event "Bundesliga 2122"]
[Site "Germany"]
[Date "2022.04.09"]
[Round "3.7"]
[White "Ciolek, Andreas"]
[Black "Roseneck, Jonas"]
[Result "0-1"]
[WhiteElo "2191"]
[BlackElo "2376"]
[PlyCount "168"]
[EventDate "2022.03.05"]
[EventType "team-tourn"]
[EventRounds "15"]
[EventCountry "GER"]
[SourceTitle "EXT 2023"]
[Source "ChessBase"]
[SourceDate "2022.10.05"]
[SourceVersion "1"]
[SourceVersionDate "2022.10.05"]
[SourceQuality "1"]
[WhiteTeam "Muenchen 36"]
[BlackTeam "Solingen"]
[WhiteTeamCountry "GER"]
[BlackTeamCountry "GER"]

1. d4 Nf6 2. Nf3 d5 3. g3 c5 4. Bg2 cxd4 5. 0-0 h6 6. b3 e6 7. Nxd4 e5 8. Nf3 e4 9. Nd4 Bc5 10. Bb2 0-0 11. c4 Re8 12. e3 Bg4 13. Qd2 dxc4 14. bxc4 Nbd7 15. h3 Bh5 16. Nb3 Bf8 17. g4 Bg6 18. Rd1 Qc7 19. Nc3 Qxc4 20. Bf1 Qc8 21. Nb5 Qb8 22. Rac1 Rc8 23. Rxc8 Qxc8 24. Rc1 Qd8 25. Bxf6 Nxf6 26. Qxd8 Rb8 27. Qc8 Rxc8 28. Nxa7 Ra8 29. Nb5 Rxa2 30. Rc7 b6 31. Bc4 Bb4 32. N3d4 Rb2 33. Kf1 Bc5 34. Nc6 Kh7 35. Ne5 Rxb5 36. Bxb5 Bd6 37. Rxf7 Bxe5 38. Rb7 h5 39. gxh5 Bxh5 40. Rxb6 Kh6 41. Be2 Bf7 42. f3 Bg6 43. Kg2 Nd5 44. Rb3 Nc3 45. Bc4 exf3+ 46. Kxf3 Ne4 47. Rb4 Bd6 48. Rb2 Ng5+ 49. Ke2 Bg3 50. Kf1 Be4 51. Rb6+ g6 52. Bb5 Bc7 53. Ra6 Nxh3 54. Be2 Bg3 55. Ra5 Ng5 56. Bg4 Nf7 57. Bh3 Ne5 58. Ra7 Nc4 59. Ke2 Kh5 60. Re7 Ne5 61. Kf1 g5 62. Bg2 Bd3+ 63. Kg1 Kg4 64. Bd5 Nf3+ 65. Kg2 Nh4+ 66. Kg1 Be1 67. Re8 Kg3 68. Kh1 Be2 69. Bc6 Bf2 70. Bb7 g4 71. Bc6 Nf3 72. Rf8 Ne5 73. Bd5 Bxe3 74. Bg2 Nd3 75. Rg8 Ne1 76. Bd5 Nf3 77. Be6 Ng5 78. Bd5 Kf2 79. Rf8+ Nf3 80. Rg8 g3 81. Bc6 Bg5 82. Rxg5 Nxg5 83. Be4 Bf3+ 84. Bxf3 Kxf3 0-1

[Event "EU-ch 22nd"]
[Site "Terme Catez"]
[Date "2022.03.28"]
[Round "2"]
[White "Santos Latasa, Jaime"]
[Black "Roseneck, Jonas"]
[Result "1-0"]
[WhiteElo "2648"]
[BlackElo "2376"]
[PlyCount "71"]
[EventDate "2022.03.27"]
[EventType "swiss"]
[EventRounds "11"]
[EventCountry "SLO"]
[SourceTitle "CBM 208"]
[Source "ChessBase"]
[SourceDate "2022.06.30"]
[SourceVersion "1"]
[SourceVersionDate "2022.06.30"]
[SourceQuality "1"]

1. e4 c5 2. Nf3 d6 3. d4 cxd4 4. Nxd4 Nf6 5. Nc3 Nc6 6. Bg5 e6 7. Qd2 a6 8. 0-0-0 Bd7 9. f3 Nxd4 10. Qxd4 Be7 11. Kb1 Qc7 12. Qd2 b5 13. g4 b4 14. Ne2 a5 15. Be3 a4 16. g5 Nh5 17. Bh3 b3 18. cxb3 axb3 19. a3 0-0 20. Rc1 Qb7 21. Bg4 d5 22. Bc5 Bxc5 23. Rxc5 dxe4 24. Bxh5 exf3 25. Nc3 Bc6 26. Qe3 Rad8 27. Rf1 Qa6 28. Rc1 Ba8 29. Bxf3 Bxf3 30. Qxf3 Rd2 31. Rb5 e5 32. Rxb3 Qg6+ 33. Ka1 Rxh2 34. Qg3 Rc2 35. Rxc2 Qxc2 36. Ka2 1-0

[Event "Bayern-chI Bank Hofmann 24th"]
[Site "Tegernsee"]
[Date "2021.11.01"]
[Round "3"]
[White "Santos Latasa, Jaime"]
[Black "Roseneck, Jonas"]
[Result "1-0"]
[WhiteElo "2635"]
[BlackElo "2403"]
[PlyCount "45"]
[EventDate "2021.10.30"]
[EventType "swiss"]
[EventRounds "9"]
[EventCountry "GER"]
[SourceTitle "CBM 205 Extra"]
[Source "ChessBase"]
[SourceDate "2022.01.31"]
[SourceVersion "1"]
[SourceVersionDate "2022.01.31"]
[SourceQuality "1"]

1. Nf3 Nf6 2. c4 g6 3. Nc3 d5 4. cxd5 Nxd5 5. h4 Nxc3 6. bxc3 Bg7 7. h5 c5 8. Qa4+ Nc6 9. Ba3 Qd6 10. d4 Bd7 11. Qc4 b6 12. h6 Bf6 13. e4 e5 14. dxc5 Qe7 15. Qa6 Qd8 16. Rd1 Qc7 17. Bb5 0-0 18. 0-0 Be7 19. Rxd7 Qxd7 20. Nxe5 Qd2 21. Bxc6 Rac8 22. Bd5 Qxc3 23. Nxf7 1-0

[Event "GER-ch 92nd"]
[Site "Magdeburg"]
[Date "2021.07.28"]
[Round "5"]
[White "Kolb, Tobias"]
[Black "Roseneck, Jonas"]
[Result "1-0"]
[WhiteElo "2307"]
[BlackElo "2401"]
[PlyCount "61"]
[EventDate "2021.07.25"]
[EventType "swiss"]
[EventRounds "9"]
[EventCountry "GER"]
[SourceTitle "CBM 203 Extra"]
[Source "ChessBase"]
[SourceDate "2021.09.30"]
[SourceVersion "1"]
[SourceVersionDate "2021.09.30"]
[SourceQuality "1"]

1. d4 Nf6 2. c4 g6 3. Nc3 d5 4. Nf3 Bg7 5. h4 dxc4 6. e4 c5 7. d5 b5 8. h5 0-0 9. hxg6 fxg6 10. Rh4 e6 11. Nxb5 exd5 12. Nc3 Re8 13. Be3 Bg4 14. exd5 Nbd7 15. Bxc4 Nb6 16. Bb5 Bxf3 17. Qxf3 Nfxd5 18. Bxe8 Qxh4 19. Bf7+ Kh8 20. Bxd5 Qh1+ 21. Ke2 Qxa1 22. Bxa8 Qxb2+ 23. Bd2 h6 24. Be4 Nc4 25. Nb1 Ne5 26. Qb3 Qd4 27. Qd5 Qa4 28. Bc3 Qb5+ 29. Ke1 Nc4 30. Bxg7+ Kxg7 31. Qb7+ 1-0